Statystyki dla 15 największych miast w województwie dolnośląskim

Kliknij tutaj aby rozwiązać quiz!

Ogólne statystyki

  • Ten quiz został rozwiązany 40 razy
  • Średni wynik to 11 z 15

Statystyki odpowiedzi

MieszkańcyMiasto% Poprawnych
641 928Wrocław
100%
98 436Legnica
86%
78 335Jelenia Góra
84%
71 710Lubin
81%
109 971Wałbrzych
81%
66 120Głogów
76%
36 979Oleśnica
76%
29 810Zgorzelec
73%
38 486Bolesławiec
68%
26 421Kłodzko
65%
56 222Świdnica
65%
32 869Dzierżoniów
62%
33 087Oława
62%
29 523Bielawa
51%
22 642Świebodzice
41%

Rozkład punktacji

Percentyl według liczby udzielonych odpowiedzi

Procent ludzi z każdym wynikiem

Twoja historia wyników

Nie rozwiązałeś tego quizu